<?xml version="1.0" encoding="UTF-8"?>
<record
    xmlns:xsi="http://www.w3.org/2001/XMLSchema-instance"
    xsi:schemaLocation="http://www.loc.gov/MARC21/slim http://www.loc.gov/standards/marcxml/schema/MARC21slim.xsd"
    xmlns="http://www.loc.gov/MARC21/slim">

  <leader>01191cam a2200277a 44500</leader>
  <datafield tag="999" ind1=" " ind2=" ">
    <subfield code="c">7925</subfield>
    <subfield code="d">242425</subfield>
  </datafield>
  <controlfield tag="003">OSt</controlfield>
  <controlfield tag="005">20220811130538.0</controlfield>
  <controlfield tag="008">030308s2005&#x64B;   ua 0000gara d   ara</controlfield>
  <datafield tag="020" ind1=" " ind2=" ">
    <subfield code="a">9773530302</subfield>
  </datafield>
  <datafield tag="040" ind1=" " ind2=" ">
    <subfield code="a">mb</subfield>
    <subfield code="b">ara</subfield>
    <subfield code="c">mb</subfield>
  </datafield>
  <datafield tag="041" ind1=" " ind2=" ">
    <subfield code="a">&#x639;&#x631;&#x628;&#x64A;</subfield>
  </datafield>
  <datafield tag="072" ind1="0" ind2=" ">
    <subfield code="a">083</subfield>
    <subfield code="x">&#x627;&#x644;&#x62A;&#x631;&#x627;&#x62C;&#x645;.</subfield>
  </datafield>
  <datafield tag="082" ind1="0" ind2="4">
    <subfield code="2">21</subfield>
    <subfield code="a">924.1</subfield>
    <subfield code="b">&#x633; &#x639; &#x628; </subfield>
  </datafield>
  <datafield tag="100" ind1="1" ind2=" ">
    <subfield code="a">&#x627;&#x644;&#x62C;&#x644;&#x627;&#x644; &#x627;&#x644;&#x633;&#x64A;&#x648;&#x637;&#x64A;&#x60C; &#x639;&#x628;&#x62F; &#x627;&#x644;&#x631;&#x62D;&#x645;&#x646; &#x628;&#x646; &#x623;&#x628;&#x64A; &#x628;&#x643;&#x631; &#x628;&#x646; &#x645;&#x62D;&#x645;&#x62F;.</subfield>
    <subfield code="d">849-911 &#x647;&#x640;.</subfield>
    <subfield code="9">97014</subfield>
  </datafield>
  <datafield tag="245" ind1="1" ind2="0">
    <subfield code="a">&#x628;&#x63A;&#x64A;&#x629; &#x627;&#x644;&#x648;&#x639;&#x627;&#x629; &#x641;&#x64A; &#x637;&#x628;&#x642;&#x627;&#x62A; &#x627;&#x644;&#x644;&#x63A;&#x648;&#x64A;&#x64A;&#x646; &#x648;&#x627;&#x644;&#x646;&#x62D;&#x627;&#x629; /</subfield>
    <subfield code="c">&#x644;&#x62C;&#x644;&#x627;&#x644; &#x627;&#x644;&#x62F;&#x64A;&#x646; &#x639;&#x628;&#x62F; &#x627;&#x644;&#x631;&#x62D;&#x645;&#x646; &#x627;&#x644;&#x633;&#x64A;&#x648;&#x637;&#x64A; &#x61B; &#x62A;&#x62D;&#x642;&#x64A;&#x642; &#x645;&#x62D;&#x645;&#x62F; &#x623;&#x628;&#x648; &#x627;&#x644;&#x641;&#x636;&#x644; &#x625;&#x628;&#x631;&#x627;&#x647;&#x64A;&#x645;.</subfield>
  </datafield>
  <datafield tag="246" ind1="3" ind2="0">
    <subfield code="a">&#x637;&#x628;&#x642;&#x627;&#x62A; &#x627;&#x644;&#x644;&#x63A;&#x648;&#x64A;&#x64A;&#x646; &#x648;&#x627;&#x644;&#x646;&#x62D;&#x627;&#x629;.</subfield>
  </datafield>
  <datafield tag="250" ind1=" " ind2=" ">
    <subfield code="a">&#x637;. 1.</subfield>
  </datafield>
  <datafield tag="260" ind1=" " ind2=" ">
    <subfield code="a">&#x628;&#x64A;&#x631;&#x648;&#x62A; : </subfield>
    <subfield code="b">&#x627;&#x644;&#x645;&#x643;&#x62A;&#x628;&#x629; &#x627;&#x644;&#x639;&#x635;&#x631;&#x64A;&#x629;&#x60C;</subfield>
    <subfield code="c">2006</subfield>
    <subfield code="m">1427</subfield>
  </datafield>
  <datafield tag="300" ind1=" " ind2=" ">
    <subfield code="a">2 &#x645;&#x62C;. &#x61B;</subfield>
    <subfield code="c">24 &#x633;&#x645;. </subfield>
  </datafield>
  <datafield tag="504" ind1=" " ind2=" ">
    <subfield code="a">&#x64A;&#x634;&#x62A;&#x645;&#x644; &#x639;&#x644;&#x649; &#x642;&#x627;&#x626;&#x645;&#x629; &#x628;&#x628;&#x644;&#x64A;&#x648;&#x62C;&#x631;&#x627;&#x641;&#x64A;&#x629;.</subfield>
  </datafield>
  <datafield tag="650" ind1=" " ind2=" ">
    <subfield code="a">&#x627;&#x644;&#x644;&#x63A;&#x648;&#x64A;&#x648;&#x646; &#x627;&#x644;&#x639;&#x631;&#x628;.</subfield>
    <subfield code="v">&#x62A;&#x631;&#x627;&#x62C;&#x645;.</subfield>
    <subfield code="9">32</subfield>
  </datafield>
  <datafield tag="650" ind1=" " ind2=" ">
    <subfield code="a">&#x627;&#x644;&#x644;&#x63A;&#x629; &#x627;&#x644;&#x639;&#x631;&#x628;&#x64A;&#x629;.</subfield>
    <subfield code="x">&#x646;&#x62D;&#x648;.</subfield>
    <subfield code="v">&#x62A;&#x631;&#x627;&#x62C;&#x645;.</subfield>
    <subfield code="9">33</subfield>
  </datafield>
  <datafield tag="650" ind1=" " ind2=" ">
    <subfield code="a">&#x627;&#x644;&#x644;&#x63A;&#x629; &#x627;&#x644;&#x639;&#x631;&#x628;&#x64A;&#x629;.</subfield>
    <subfield code="v">&#x62A;&#x631;&#x627;&#x62C;&#x645;.</subfield>
    <subfield code="9">97015</subfield>
  </datafield>
  <datafield tag="700" ind1=" " ind2=" ">
    <subfield code="a">&#x625;&#x628;&#x631;&#x627;&#x647;&#x64A;&#x645;&#x60C; &#x645;&#x62D;&#x645;&#x62F; &#x623;&#x628;&#x648; &#x627;&#x644;&#x641;&#x636;&#x644;.</subfield>
    <subfield code="e">&#x645;&#x62D;&#x642;&#x642;.</subfield>
    <subfield code="9">97013</subfield>
  </datafield>
  <datafield tag="942" ind1=" " ind2=" ">
    <subfield code="2">ddc</subfield>
    <subfield code="c">BOOK</subfield>
  </datafield>
  <datafield tag="952" ind1=" " ind2=" ">
    <subfield code="1">0</subfield>
    <subfield code="2">2013-03-10</subfield>
    <subfield code="4">0</subfield>
    <subfield code="7">0</subfield>
    <subfield code="U">2011-05-30</subfield>
    <subfield code="a">924.1&#x62C;1 &#x633; &#x62C; &#x628;</subfield>
    <subfield code="d">2011-05-30</subfield>
    <subfield code="h">CL</subfield>
    <subfield code="i">00060474</subfield>
    <subfield code="m">CL</subfield>
    <subfield code="r">2013-03-10 00:00:00</subfield>
    <subfield code="t">BOOK</subfield>
    <subfield code="w">ddc</subfield>
    <subfield code="y">0</subfield>
  </datafield>
  <datafield tag="952" ind1=" " ind2=" ">
    <subfield code="1">0</subfield>
    <subfield code="2">2013-03-10</subfield>
    <subfield code="4">0</subfield>
    <subfield code="7">0</subfield>
    <subfield code="U">2011-05-30</subfield>
    <subfield code="a">924.1&#x62C;1 &#x633; &#x62C; &#x628;</subfield>
    <subfield code="d">2011-05-30</subfield>
    <subfield code="h">CL</subfield>
    <subfield code="i">00060478</subfield>
    <subfield code="m">CL</subfield>
    <subfield code="r">2013-03-10 00:00:00</subfield>
    <subfield code="t">BOOK</subfield>
    <subfield code="w">ddc</subfield>
    <subfield code="y">0</subfield>
  </datafield>
  <datafield tag="952" ind1=" " ind2=" ">
    <subfield code="1">0</subfield>
    <subfield code="2">2013-03-10</subfield>
    <subfield code="4">0</subfield>
    <subfield code="7">0</subfield>
    <subfield code="U">2011-05-30</subfield>
    <subfield code="a">924.1&#x62C;1 &#x633; &#x62C; &#x628;</subfield>
    <subfield code="d">2011-05-30</subfield>
    <subfield code="h">CL</subfield>
    <subfield code="i">00060476</subfield>
    <subfield code="m">CL</subfield>
    <subfield code="r">2013-03-10 00:00:00</subfield>
    <subfield code="t">BOOK</subfield>
    <subfield code="w">ddc</subfield>
    <subfield code="y">0</subfield>
  </datafield>
  <datafield tag="952" ind1=" " ind2=" ">
    <subfield code="1">0</subfield>
    <subfield code="2">2013-03-10</subfield>
    <subfield code="4">0</subfield>
    <subfield code="7">0</subfield>
    <subfield code="U">2011-05-30</subfield>
    <subfield code="a">924.1&#x62C;2 &#x633; &#x62C; &#x628;</subfield>
    <subfield code="d">2011-05-30</subfield>
    <subfield code="h">CL</subfield>
    <subfield code="i">00060479</subfield>
    <subfield code="m">CL</subfield>
    <subfield code="r">2013-03-10 00:00:00</subfield>
    <subfield code="t">BOOK</subfield>
    <subfield code="w">ddc</subfield>
    <subfield code="y">0</subfield>
  </datafield>
  <datafield tag="952" ind1=" " ind2=" ">
    <subfield code="1">0</subfield>
    <subfield code="2">2013-03-10</subfield>
    <subfield code="4">0</subfield>
    <subfield code="7">0</subfield>
    <subfield code="U">2011-05-30</subfield>
    <subfield code="a">924.1&#x62C;2 &#x633; &#x62C; &#x628;</subfield>
    <subfield code="d">2011-05-30</subfield>
    <subfield code="h">CL</subfield>
    <subfield code="i">00060477</subfield>
    <subfield code="m">CL</subfield>
    <subfield code="r">2013-03-10 00:00:00</subfield>
    <subfield code="t">BOOK</subfield>
    <subfield code="w">ddc</subfield>
    <subfield code="y">0</subfield>
  </datafield>
  <datafield tag="952" ind1=" " ind2=" ">
    <subfield code="1">0</subfield>
    <subfield code="2">2013-03-10</subfield>
    <subfield code="4">0</subfield>
    <subfield code="7">0</subfield>
    <subfield code="U">2011-05-30</subfield>
    <subfield code="a">924.1&#x62C;2 &#x633; &#x62C; &#x628;</subfield>
    <subfield code="d">2011-05-30</subfield>
    <subfield code="h">CL</subfield>
    <subfield code="i">00060475</subfield>
    <subfield code="m">CL</subfield>
    <subfield code="r">2013-03-10 00:00:00</subfield>
    <subfield code="t">BOOK</subfield>
    <subfield code="w">ddc</subfield>
    <subfield code="y">0</subfield>
  </datafield>
</record>
